000 00772nam a2200277Ia 4500
003 OSt
005 20221006153252.0
006 a|||||r|||| 00| 0
007 ta
008 221006b |||||||| |||| 00| 0 kor d
020 _cW 12,000
024 _a31,823
037 _bGift, Korean Embassy
_cTextual
040 _aEASL
_cEASL
_bkor
041 _2kor
_akor
082 _aY:72.495, P5
100 _aPARK Jong-Ha Au.
_9662805
245 0 _aKrim-uro ik-neun seongkong-ui beopchik
260 _aSeoul
_bDesign House Korea
_c2005
300 _a268p.+various
_ccm.
490 _v KL
650 _a KL
650 _aRules of success
_9663216
942 _hY:72.495, P5
_cTEXL
_2CC
999 _c1099909
_d1099909